Catálogo público

Análisis de viabilidad técnica y económica de un centro de recepción para la comercialización de especies agropecuarias en Santiago Alseseca, Tecamachalco, Puebla / (Record no. 219118)

MARC details
000 -CABECERA
campo de control de longitud fija 02966nam a2200325 a 4500
003 - IDENTIFICADOR DEL NÚMERO DE CONTROL
campo de control OSt
005 - FECHA Y HORA DE LA ÚLTIMA TRANSACCIÓN
campo de control 20251110143531.0
007 - CAMPO FIJO DE DESCRIPCIÓN FÍSICA--INFORMACIÓN GENERAL
campo de control de longitud fija cr ||||||a|c|a
008 - DATOS DE LONGITUD FIJA--INFORMACIÓN GENERAL
campo de control de longitud fija 230828s2023 mx a|||fom||| 001 0 spa d
040 ## - FUENTE DE LA CATALOGACIÓN
Normas de descripción rda
100 1# - ENTRADA PRINCIPAL--NOMBRE DE PERSONA
9 (RLIN) 187792
Nombre de persona Aguilar Gómez, Luis Alberto
245 10 - MENCIÓN DE TÍTULO
Título Análisis de viabilidad técnica y económica de un centro de recepción para la comercialización de especies agropecuarias en Santiago Alseseca, Tecamachalco, Puebla /
Mención de responsabilidad, etc. por Luis Alberto Aguilar Gómez ; director de tesis Ignacio Caamal Cauich.
264 #1 - PRODUCCIÓN, PUBLICACIÓN, DISTRIBUCIÓN, FABRICACIÓN Y COPYRIGHT
Producción, publicación, distribución, fabricación y copyright Chapingo, México :
Nombre del de productor, editor, distribuidor, fabricante El autor,
Fecha de producción, publicación, distribución, fabricación o copyright 2023.
300 ## - DESCRIPCIÓN FÍSICA
Extensión 1 recurso en línea (80 páginas):
Otras características físicas gráficas, tablas.
336 ## - TIPO DE CONTENIDO
Fuente rdacontent
Término de tipo de contenido texto
Código de tipo de contenido txt
337 ## - TIPO DE MEDIO
Fuente rdamedia
Nombre/término del tipo de medio computadora
Código del tipo de medio c
338 ## - TIPO DE SOPORTE
Fuente rdacarrier
Nombre/término del tipo de soporte recurso en línea
Código del tipo de soporte cr
502 ## - NOTA DE TESIS
Tipo de título Licenciatura en Comercio Internacional
Nombre de la institución que otorga el título División de Ciencias Económico Administrativas,
Año de obtención del título 2023.
Información miscelánea Licenciatura
504 ## - NOTA DE BIBLIOGRAFÍA, ETC.
Nota de bibliografía, etc. Incluye referencias bibliográficas: páginas 56-59.
520 ## - SUMARIO, ETC.
Sumario, etc. Las demandas de la sociedad por contar con alternativas viables de desarrollo socioeconómico en México, han sido en parte respondidas por los productores de ganadería bovina, así como los demás productores de las especies menores y productores agrícolas, los cuales buscan promover la diversificación de actividades productivas en el sector rural, El objetivo de la investigación es diseñar la propuesta de inversión para establecer el centro de recepción para la comercialización de especies pecuarias en el municipio de Santiago Alsasega, Tecamachalco, puebla, como una solución a la problemática de una inadecuada distribución de lugares públicos de compra-venta de animales y derivados. En el presente trabajo se determinar y evalúa la rentabilidad de la propuesta de inversión del centro para la comercialización de especies pecuarias, con el propósito de dar a los productores regionales la oportunidad de tener un lugar en ofrecer sus productos para garantizar sus posibilidades de venta sean mayores brindando un producto de calidad disminuyendo riesgos potenciales y maximizando beneficios para los productores y compradores. Los resultados obtenidos por medio de los indicadores demuestran la viabilidad técnica, financiera, económica del proyecto con los siguientes parámetros el Valor Actual Neto (VAN) de $ 8,737,004; Relación Beneficio Costo (B/C) de $1.16; y una Tasa Interna de Retorno (TIR) de 14%. considerando una tasa de actualización del 10%, con un horizonte del proyecto de 10 años.
650 #2 - PUNTO DE ACCESO ADICIONAL DE MATERIA--TÉRMINO DE MATERIA
9 (RLIN) 136378
Término de materia o nombre geográfico como elemento de entrada Empresas agropecuarias
Subdivisión general Administración
650 #4 - PUNTO DE ACCESO ADICIONAL DE MATERIA--TÉRMINO DE MATERIA
9 (RLIN) 135417
Término de materia o nombre geográfico como elemento de entrada Empresas agropecuarias
Subdivisión general Rentabilidad
650 #4 - PUNTO DE ACCESO ADICIONAL DE MATERIA--TÉRMINO DE MATERIA
9 (RLIN) 187016
Término de materia o nombre geográfico como elemento de entrada Estudios de mercado
650 #4 - PUNTO DE ACCESO ADICIONAL DE MATERIA--TÉRMINO DE MATERIA
9 (RLIN) 144675
Término de materia o nombre geográfico como elemento de entrada Ganado vacuno
Subdivisión general Mercadeo
650 #4 - PUNTO DE ACCESO ADICIONAL DE MATERIA--TÉRMINO DE MATERIA
9 (RLIN) 45383
Término de materia o nombre geográfico como elemento de entrada Ganado porcino
Subdivisión general Mercadeo
650 #4 - PUNTO DE ACCESO ADICIONAL DE MATERIA--TÉRMINO DE MATERIA
9 (RLIN) 45195
Término de materia o nombre geográfico como elemento de entrada Ganado lanar
Subdivisión general Mercadeo
700 1# - PUNTO DE ACCESO ADICIONAL--NOMBRE DE PERSONA
Nombre de persona Caamal Cauich, Ignacio
Término indicativo de función/relación director.
9 (RLIN) 16527
856 ## - LOCALIZACIÓN Y ACCESO ELECTRÓNICOS
Identificador Uniforme del Recurso http://10.13.5.2/tesis/tl/TL_0811382-1_Aguilar-Gomez_Luis_Alberto.pdf
Nota pública DESCARGAR PDF
942 ## - ELEMENTOS DE PUNTO DE ACCESO ADICIONAL (KOHA)
Fuente del sistema de clasificación o colocación Clasificación Universidad Autónoma Chapingo
Tipo de ítem Koha Tesis digital
Holdings
Estado de retiro Estado de pérdida Fuente del sistema de clasificación o colocación Estado dañado Restricciones de uso No para préstamo Código de colección Localización permanente Ubicación/localización actual Ubicación en estantería Fecha de adquisición Total de préstamos Signatura topográfica completa Fecha visto por última vez Precio válido a partir de Tipo de ítem Koha
    Clasificación Universidad Autónoma de Chapingo   Préstamo interno   Tesis digitales de Licenciatura Biblioteca Digital Biblioteca Digital En línea 28/08/2023   Tesis digital 28/08/2023 28/08/2023 Tesis digital